<?xml version="1.0" encoding="UTF-8"?>
<collection xmlns="http://www.loc.gov/MARC21/slim">
 <record>
  <leader>02887nam a2200385 a 4500</leader>
  <controlfield tag="001">1/45394</controlfield>
  <controlfield tag="008">140827s2003    us            001 0 eng  </controlfield>
  <datafield tag="020" ind1=" " ind2=" ">
   <subfield code="a">9780080520179 (electronic bk.)</subfield>
  </datafield>
  <datafield tag="020" ind1=" " ind2=" ">
   <subfield code="a">0080520170 (electronic bk.)</subfield>
  </datafield>
  <datafield tag="020" ind1=" " ind2=" ">
   <subfield code="a">9781558608689</subfield>
  </datafield>
  <datafield tag="020" ind1=" " ind2=" ">
   <subfield code="a">1558608680</subfield>
  </datafield>
  <datafield tag="035" ind1=" " ind2=" ">
   <subfield code="l">48354</subfield>
  </datafield>
  <datafield tag="040" ind1=" " ind2=" ">
   <subfield code="a">NTG</subfield>
   <subfield code="b">eng</subfield>
   <subfield code="c">NTG</subfield>
   <subfield code="d">WPG</subfield>
   <subfield code="d">COO</subfield>
   <subfield code="d">N$T</subfield>
   <subfield code="d">YDXCP</subfield>
   <subfield code="d">EBLCP</subfield>
   <subfield code="d">ZCU</subfield>
   <subfield code="d">IDEBK</subfield>
   <subfield code="d">E7B</subfield>
   <subfield code="d">NRU</subfield>
   <subfield code="d">OCLCQ</subfield>
   <subfield code="d">DEBBG</subfield>
   <subfield code="d">OCLCQ</subfield>
   <subfield code="d">OPELS</subfield>
   <subfield code="d">OKU</subfield>
   <subfield code="d">B24X7</subfield>
   <subfield code="d">UMI</subfield>
   <subfield code="d">OCLCF</subfield>
   <subfield code="d">DEBSZ</subfield>
   <subfield code="d">GR-PeUP</subfield>
  </datafield>
  <datafield tag="100" ind1="1" ind2=" ">
   <subfield code="a">Link, Johannes.</subfield>
  </datafield>
  <datafield tag="245" ind1="1" ind2="0">
   <subfield code="a">Unit testing in Java</subfield>
   <subfield code="h">[electronic resource] :</subfield>
   <subfield code="b">how tests drive the code /</subfield>
   <subfield code="c">by Johannes Link ; with contributions by Peter Frlich.</subfield>
  </datafield>
  <datafield tag="260" ind1=" " ind2=" ">
   <subfield code="a">San Francisco, Calif. :</subfield>
   <subfield code="b">Morgan Kaufmann,</subfield>
   <subfield code="c">c2003.</subfield>
  </datafield>
  <datafield tag="300" ind1=" " ind2=" ">
   <subfield code="a">1 online resource (xvii, 376 p.)</subfield>
  </datafield>
  <datafield tag="490" ind1="1" ind2=" ">
   <subfield code="a">The Morgan Kaufmann Series in Software Engineering and Programming Ser.</subfield>
  </datafield>
  <datafield tag="500" ind1=" " ind2=" ">
   <subfield code="a">Title from title screen.</subfield>
  </datafield>
  <datafield tag="500" ind1=" " ind2=" ">
   <subfield code="a">Includes link to companion web site.</subfield>
  </datafield>
  <datafield tag="504" ind1=" " ind2=" ">
   <subfield code="a">Includes bibliographical references and index.</subfield>
  </datafield>
  <datafield tag="500" ind1=" " ind2=" ">
   <subfield code="a">Title from website (viewed Jan. 19, 2006).</subfield>
  </datafield>
  <datafield tag="520" ind1=" " ind2=" ">
   <subfield code="a">Software testing is indispensable and is one of the most discussed topics in software development today. Many companies address this issue by assigning a dedicated software testing phase towards the end of their development cycle. However, quality cannot be tested into a buggy application. Early and continuous unit testing has been shown to be crucial for high quality software and low defect rates. Yet current books on testing ignore the developer's point of view and give little guidance on how to bring the overwhelming amount of testing theory into practice. Unit Testing in Java represents a.</subfield>
  </datafield>
  <datafield tag="505" ind1="0" ind2=" ">
   <subfield code="a">Cover; Foreword; Contents; Preface; Part l: Basic Techniques; Chapter 1. Introduction; Chapter 2. Automating Unit Tests; Chapter 3. Basic Steps of the Test-First Approach; Chapter 4. Test Ideas and Heuristics; Chapter 5. The Inner Life of a Test Framework; Chapter 6. Dummy and Mock Objects for Independence; Chapter 7. Inheritance and Polymorphism; Chapter 8. How Much Is Enough?; Part II: Advanced Topics; Chapter 9. Persistent Objects; Chapter 10. Concurrent Programs; Chapter 11. Distributed Applications; Chapter 12. Web Applications; Chapter 13. Graphical User Interfaces.</subfield>
  </datafield>
  <datafield tag="650" ind1=" " ind2="4">
   <subfield code="a">Computer software</subfield>
   <subfield code="x">Testing.</subfield>
  </datafield>
  <datafield tag="650" ind1=" " ind2="4">
   <subfield code="a">Java (Computer program language).</subfield>
  </datafield>
  <datafield tag="655" ind1=" " ind2="4">
   <subfield code="a">Electronic books.</subfield>
  </datafield>
  <datafield tag="700" ind1="1" ind2=" ">
   <subfield code="a">Frlich, Peter.</subfield>
  </datafield>
  <datafield tag="830" ind1=" " ind2="0">
   <subfield code="a">Morgan Kaufmann Series in Software Engineering and Programming Ser.</subfield>
  </datafield>
  <datafield tag="852" ind1=" " ind2=" ">
   <subfield code="a">INST</subfield>
   <subfield code="b">UNIPILB</subfield>
   <subfield code="c">EBOOKS</subfield>
   <subfield code="e">20140827</subfield>
   <subfield code="p">00b48354</subfield>
   <subfield code="q">00b48354</subfield>
   <subfield code="t">ONLINE</subfield>
   <subfield code="y">0</subfield>
  </datafield>
  <datafield tag="856" ind1="4" ind2=" ">
   <subfield code="u">http://www.sciencedirect.com/science/book/9781558608689</subfield>
  </datafield>
  <datafield tag="856" ind1="4" ind2=" ">
   <subfield code="d">/webopac/covers/03/48354_9780080520179.jpg</subfield>
   <subfield code="z">(electronic bk.)</subfield>
  </datafield>
  <datafield tag="856" ind1="4" ind2=" ">
   <subfield code="d">/webopac/covers/03/48354_0080520170.jpg</subfield>
   <subfield code="z">(electronic bk.)</subfield>
  </datafield>
  <datafield tag="856" ind1="4" ind2=" ">
   <subfield code="d">/webopac/covers/03/48354_9781558608689.jpg</subfield>
  </datafield>
  <datafield tag="856" ind1="4" ind2=" ">
   <subfield code="d">/webopac/covers/03/48354_1558608680.jpg</subfield>
  </datafield>
 </record>
</collection>
